| 000 | 00575nam a2200145Ia 4500 | ||
|---|---|---|---|
| 008 | 100204s9999 xx 000 0 und d | ||
| 082 | _b8337 | ||
| 100 | _aगांगल दिनकर - प्रकाशक | ||
| 245 | _aगं्रथमाला खंड 1 अंश 2 | ||
| 260 |
_b"ग्रंथाली वाचक चळवळ , मुंबई - कुर्ला" _c1984 |
||
| 300 | _a124 | ||
| 630 | _aगं्रथमाला खंड 1 अंश 2 | ||
| 730 | _aगं्रथमाला खंड 1 अंश 2 | ||
| 942 | _cBOOK | ||
| 999 |
_c452773 _d452770 |
||